000
00290nam a2200097Ia 4500
082
_a
741.5968 FRA
245
0
_a
Free at last : the second Madam and Eve collection
100
_a
AUSTIN, Alex New York, 2004 1st ed
_9
70219
942
_c
BK
008
210817s9999 xx 000 0 und d
999
_c
227353
_d
227352